Loading...
| Current Events | 1 | 20.00 | 100% | 100% | 0% |
| Fine Arts - Classical Music | 2 | 0.00 | 0% | 0% | 0% |
| Fine Arts - Other Fine Arts | 2 | 25.00 | 100% | 100% | 50% |
| Geography | 2 | 10.00 | 100% | 0% | 0% |
| History - American History | 2 | 15.00 | 100% | 50% | 0% |
| History - European History | 4 | 25.00 | 100% | 100% | 50% |
| History - Other History | 5 | 20.00 | 100% | 80% | 20% |
| History - World History | 4 | 15.00 | 100% | 25% | 25% |
| Literature - American Literature | 3 | 13.33 | 67% | 67% | 0% |
| Literature - British Literature | 4 | 10.00 | 75% | 0% | 25% |
| Literature - European Literature | 3 | 13.33 | 67% | 67% | 0% |
| Literature - World Literature | 4 | 7.50 | 75% | 0% | 0% |
| Mythology | 4 | 15.00 | 100% | 50% | 0% |
| Painting/Sculpture | 3 | 10.00 | 100% | 0% | 0% |
| Philosophy | 2 | 10.00 | 100% | 0% | 0% |
| Pop Culture | 2 | 20.00 | 50% | 50% | 100% |
| Religion | 4 | 12.50 | 75% | 50% | 0% |
| Science - Biology | 3 | 16.67 | 100% | 67% | 0% |
| Science - Chemistry | 2 | 15.00 | 100% | 0% | 50% |
| Science - Other Science | 1 | 10.00 | 100% | 0% | 0% |
| Science - Physics | 4 | 12.50 | 100% | 25% | 0% |
| Social Science | 1 | 10.00 | 100% | 0% | 0% |